000 00602nam a2200205Ia 4500
005 20250508152422.0
008 008 250505s9999 xx 000 0 eng d
037 _aTextual
040 _aFEDL
_beng
_cFEDL
041 _aeng
_2eng
084 _a371.732 3, FOR
_qFEDL
100 _aForsythe Charles E
_9756402
245 0 _aAdministration of high school athletics
250 _a3
260 _aEnglewood Cliffs
_bPrentice-Hall
_c1958
300 _axvi,462p
490 _aPrentice - Hall physical education series
942 _cTEXL
_h371.732 3, FOR
999 _c1336294
_d1336294